| 000 | 00494nam a2200181Ia 4500 | ||
|---|---|---|---|
| 008 | 230711s9999||||xx |||||||||||||| ||und|| | ||
| 020 | _a978-93-5129-597-6 | ||
| 041 | _aENG | ||
| 082 |
_a615.1 _bGO-P |
||
| 100 | _aGolan,David E | ||
| 245 | 0 |
_aPriniciples of Pharmacology _bThe Pathophysiologic Basis of Drug Therapy |
|
| 250 | _a4th Ed. | ||
| 260 |
_c2017 _aNew Delhi _bWolters Kluwer(India) Pvt.Ltd |
||
| 300 | _a1020p. | ||
| 650 | _aPharmacy | ||
| 700 | _aArmstrong,Ehrin J | ||
| 942 | _cBK | ||
| 999 |
_c7478 _d7478 |
||